000 00319nam a2200145Ia 4500
003 OSt
008 191201s2019 xx 000 0 und d
082 _a658.802
_bJOE
100 _aJOSEPH, P T
245 0 _aE Commerce: An Indian Perspective
260 _bPHI
_c2019
300 _a538
650 _aBBA
942 _2ddc
_cBK
999 _c6949
_d6949